00413nam a2200109Ia 4500008004100000100002100041245010600062260002600168300001800194650001200212856007900224160712s9999 xx 000 0 und d aSantos, Brian S. cBrian S. Santos,aStatus Assessment of Clarias Species in the Philippines: Insights from DNA Barcodes c2015bScience Diliman avol. 27 no. 2 xSCIENCE uhttp://journals.upd.edu.ph/index.php/sciencediliman/issue/view/511/showToc